Loading...
| History - American | 2 | 3 | 2 | 0 | 50 | 76 | 107.20 | 1 | 2 | 0.00 | 0.00 |
| Religion | 1 | 3 | 0 | 1 | 45 | 67 | 122.25 | 0 | 1 | 0.00 | 0.00 |
| Fine Arts - Painting and Sculpture | 0 | 3 | 0 | 1 | 30 | 106 | 132.00 | 0 | 0 | 0.00 | 0.00 |
| Literature - American | 0 | 3 | 0 | 1 | 30 | 141 | 149.67 | 0 | 0 | 0.00 | 0.00 |
| Fine Arts - Other Arts | 0 | 3 | 0 | 0 | 30 | 92 | 121.33 | 0 | 1 | 0.00 | 0.00 |
| History - Other | 0 | 3 | 0 | 1 | 30 | 99 | 126.67 | 0 | 0 | 0.00 | 0.00 |
| Other Science (Computer Science) | 0 | 3 | 1 | 1 | 25 | 104 | 120.33 | 0 | 0 | 0.00 | 0.00 |
| Social Science | 0 | 3 | 2 | 0 | 20 | 112 | 123.00 | 0 | 0 | 0.00 | 0.00 |
| History - European | 0 | 2 | 0 | 0 | 20 | 99 | 106.50 | 0 | 1 | 0.00 | 0.00 |
| Modern World | 0 | 2 | 0 | 0 | 20 | 112 | 118.00 | 0 | 0 | 0.00 | 0.00 |
| Mythology | 0 | 2 | 0 | 0 | 20 | 148 | 151.00 | 0 | 0 | 0.00 | 0.00 |
| Other Culture | 0 | 2 | 0 | 1 | 20 | 122 | 130.50 | 0 | 0 | 0.00 | 0.00 |
| Philosophy | 0 | 2 | 0 | 0 | 20 | 141 | 148.50 | 0 | 0 | 0.00 | 0.00 |
| Science - Chemistry | 0 | 2 | 1 | 0 | 15 | 80 | 115.00 | 0 | 0 | 0.00 | 0.00 |
| Other Science (Astronomy) | 0 | 1 | 0 | 0 | 10 | 118 | 118.00 | 0 | 0 | 0.00 | 0.00 |
| History - World | 0 | 2 | 2 | 1 | 10 | 110 | 126.50 | 0 | 0 | 0.00 | 0.00 |
| Science - Physics | 0 | 1 | 0 | 0 | 10 | 109 | 109.00 | 0 | 0 | 0.00 | 0.00 |
| Literature - European | 0 | 1 | 0 | 0 | 10 | 150 | 150.00 | 0 | 0 | 0.00 | 0.00 |
| Science - Biology | 0 | 1 | 1 | 0 | 5 | 135 | 135.00 | 0 | 0 | 0.00 | 0.00 |
| Fine Arts - Classical Music and Opera | 0 | 1 | 2 | 0 | 0 | 146 | 146.00 | 0 | 0 | 0.00 | 0.00 |
| Literature - British | 0 | 0 | 1 | 0 | -5 | 0.00 | 0 | 0 | 0.00 | 0.00 | |
| Geography | 0 | 0 | 2 | 0 | -10 | 0.00 | 0 | 0 | 0.00 | 0.00 |